South American Cities by Transit System - Statistics

General Stats
  • This quiz has been taken 12 times
  • The average score is 6 of 8
Answer Stats
Picture Answer % Correct
Rio De Janeiro
100%
São Paulo
100%
Buenos Aires
89%
Lima
78%
Santiago
78%
Bogota
67%
Brasília
44%
Medellin
44%
No matching quizzes found
Score Distribution
Percent of People with Each Score
Percentile by Number Answered
Your Score History
You have not taken this quiz